| 000 | 00771nam a22002057a 4500 | ||
|---|---|---|---|
| 003 | AM-YeHGA | ||
| 005 | 20250617153441.0 | ||
| 008 | 170928b xxu||||| |||| 00| 0 rus d | ||
| 040 | _aAM-YeHGA | ||
| 041 | 0 | _arus | |
| 100 | 1 | _aФиш, Михаил Львович | |
| 245 | 1 | 0 |
_aДиффузионные преобразователи неэлектрических величин / _cМ.Л. Фиш, Ю.В. Лаптев. |
| 260 |
_aКиев : _bТехнiка, _c1979. |
||
| 300 |
_a119 с. : _bил. |
||
| 504 | _aБиблиогр.: с. 114-115 | ||
| 653 | 0 | _aПреобразователи измерительные неэлектрических величин | |
| 700 | 1 | _aЛаптев, Юрий Васильевич | |
| 942 |
_2udc _cBK |
||
| 090 | _c393586 | ||
| 999 |
_c391566 _d391566 |
||